Construction and Building Research (Record no. 115606)

MARC details
000 -LEADER
fixed length control field 05323cam a2201093 4500
001 - CONTROL NUMBER
control field L158969
008 - FIXED-LENGTH DATA ELEMENTS--GENERAL INFORMATION
fixed length control field 030723n2015 000 0 eng u
020 ## - INTERNATIONAL STANDARD BOOK NUMBER
International Standard Book Number 9781783210718
035 ## - SYSTEM CONTROL NUMBER
System control number (Sirsi) u158969
041 ## - LANGUAGE CODE
Language code of text/sound track or separate title eng
050 ## - LIBRARY OF CONGRESS CALL NUMBER
Classification number 690.072
-- 18
110 ## - MAIN ENTRY--CORPORATE NAME
Corporate name or jurisdiction name as entry element Construction and Building Research Conference
Number of part/section/meeting
Date of meeting or treaty signing 2015
245 ## - TITLE STATEMENT
Title Construction and Building Research
Remainder of title proceedings of RICS COBRA 2015, 8-10 July 2015
260 ## - PUBLICATION, DISTRIBUTION, ETC.
Place of publication, distribution, etc. London
Name of publisher, distributor, etc. RICS Foundation
Date of publication, distribution, etc. 2015
300 ## - PHYSICAL DESCRIPTION
Extent p.
490 ## - SERIES STATEMENT
Series statement COBRA
Volume/sequential designation 2015
505 ## - FORMATTED CONTENTS NOTE
Formatted contents note A comparative study of construction cost & commercial management systems in the UK and China
505 ## - FORMATTED CONTENTS NOTE
Formatted contents note A comparison of international and Australian rating tools for sustainability elements of residential property
505 ## - FORMATTED CONTENTS NOTE
Formatted contents note A conceptual framework towards evaluating construction contractors for sustainability
505 ## - FORMATTED CONTENTS NOTE
Formatted contents note A critical review of construction safety training and education research
505 ## - FORMATTED CONTENTS NOTE
Formatted contents note A framework to enhance construction productivity on projects involving international professionals and contractors in Sri Lanka
505 2# - FORMATTED CONTENTS NOTE
Formatted contents note A review of curriculum design for building information modelling
505 2# - FORMATTED CONTENTS NOTE
Formatted contents note A stakeholder theory perspective of contested roles and responsibilities in the construction industry
505 2# - FORMATTED CONTENTS NOTE
Formatted contents note A study of the diffusion of information and communications technology (ICT) among quantity surveying firms in Nigeria
505 2# - FORMATTED CONTENTS NOTE
Formatted contents note A systematic review on the success factors of the energy efficiency rating systems
505 2# - FORMATTED CONTENTS NOTE
Formatted contents note A theoretical framework for selecting building procurement routes
505 ## - FORMATTED CONTENTS NOTE
Formatted contents note An investigation into the influence of design and build procurement methods on client value for money
505 ## - FORMATTED CONTENTS NOTE
Formatted contents note Addressing the subjective view of value delivery
505 ## - FORMATTED CONTENTS NOTE
Formatted contents note Analysis of the impact of the European construction products directive on the UK brick manufacturers
505 ## - FORMATTED CONTENTS NOTE
Formatted contents note The development of a theoretical framework for briefing using a value management approach
505 ## - FORMATTED CONTENTS NOTE
Formatted contents note Selecting designers using the Performance Information Procurement System (PIPS)
505 ## - FORMATTED CONTENTS NOTE
Formatted contents note Time dependent behaviour of embankment reinforced with limited life geotextiles
505 ## - FORMATTED CONTENTS NOTE
Formatted contents note Behavioral outcomes in participative value management process
505 ## - FORMATTED CONTENTS NOTE
Formatted contents note Use of the performance information as a minimum qualification
505 ## - FORMATTED CONTENTS NOTE
Formatted contents note Post completion risk transfer audits: an analytical risk management tool using social network analysis
505 ## - FORMATTED CONTENTS NOTE
Formatted contents note Adaptive reuse of industrial heritage for cultural purposes in three Chinese mega-cities Beijing, Shanghai and Chongqing
505 ## - FORMATTED CONTENTS NOTE
Formatted contents note Capitalising on the potential role of IT in teamworking in concurrent engineering initiatives in construction
505 ## - FORMATTED CONTENTS NOTE
Formatted contents note Enhancing construction/off-highway plant productivity through web-based information management
505 ## - FORMATTED CONTENTS NOTE
Formatted contents note Cost savings from electronic document management systems: the hard facts
505 ## - FORMATTED CONTENTS NOTE
Formatted contents note Risk mangement on variations - two civil engineering case studies
505 ## - FORMATTED CONTENTS NOTE
Formatted contents note The role of trust in negotiating pareto-optimal solutions in dispute resolution
505 ## - FORMATTED CONTENTS NOTE
Formatted contents note Using CBR to improve knowledge intensive business processes in the construction supply chains
505 ## - FORMATTED CONTENTS NOTE
Formatted contents note Characterisation of the Portuguese R and M construction market: a special focus on heritage buildings
505 ## - FORMATTED CONTENTS NOTE
Formatted contents note Benchmarking innovation in public private partnership schemes
505 ## - FORMATTED CONTENTS NOTE
Formatted contents note Critical success factors in Malaysian construction joint venture projects
505 ## - FORMATTED CONTENTS NOTE
Formatted contents note Moving towards more sustainable construction
505 ## - FORMATTED CONTENTS NOTE
Formatted contents note Whole-life management of buildings: towards closing the feedback loop
505 ## - FORMATTED CONTENTS NOTE
Formatted contents note Economic challenges of sustainable construction
505 ## - FORMATTED CONTENTS NOTE
Formatted contents note Strategic objectives of firms within a UK construction paradigm: the impact on the micro-enterprise objectives
505 ## - FORMATTED CONTENTS NOTE
Formatted contents note Biologically based CAD tool
650 ## - SUBJECT ADDED ENTRY--TOPICAL TERM
Topical term or geographic name entry element COBRA
651 #4 - SUBJECT ADDED ENTRY--GEOGRAPHIC NAME
Geographic name ENGLAND AND WALES
690 ## - LOCAL SUBJECT ADDED ENTRY--TOPICAL TERM (OCLC, RLIN)
Topical term or geographic name as entry element BUILT ENVIRONMENT
700 ## - ADDED ENTRY--PERSONAL NAME
Personal name Sutrisna, Monty
700 ## - ADDED ENTRY--PERSONAL NAME
Personal name Ellis, R. C. T.
700 ## - ADDED ENTRY--PERSONAL NAME
Personal name Wilkinson, Sara J.
700 ## - ADDED ENTRY--PERSONAL NAME
Personal name Proverbs, D.
700 ## - ADDED ENTRY--PERSONAL NAME
Personal name Bartolo, H. M. G.
700 ## - ADDED ENTRY--PERSONAL NAME
Personal name Kashyap, M.
700 ## - ADDED ENTRY--PERSONAL NAME
Personal name Abrahams, Kevin
700 ## - ADDED ENTRY--PERSONAL NAME
Personal name Thomson, Derek S.
700 ## - ADDED ENTRY--PERSONAL NAME
Personal name Borthwick, F.
700 ## - ADDED ENTRY--PERSONAL NAME
Personal name Kelly, John
700 ## - ADDED ENTRY--PERSONAL NAME
Personal name Kashiwagi, Dean
700 ## - ADDED ENTRY--PERSONAL NAME
Personal name Mwasha, A.
700 ## - ADDED ENTRY--PERSONAL NAME
Personal name Leung, Mei-Yung
700 ## - ADDED ENTRY--PERSONAL NAME
Personal name Pryke, Stephen D.
700 ## - ADDED ENTRY--PERSONAL NAME
Personal name Clarke, R.
700 ## - ADDED ENTRY--PERSONAL NAME
Personal name Soetanto, Robby
700 ## - ADDED ENTRY--PERSONAL NAME
Personal name Sharp, Mark
700 ## - ADDED ENTRY--PERSONAL NAME
Personal name Umeadi, B. B. N.
700 ## - ADDED ENTRY--PERSONAL NAME
Personal name McCabe, Steven
700 ## - ADDED ENTRY--PERSONAL NAME
Personal name Oluwoye, J.
700 ## - ADDED ENTRY--PERSONAL NAME
Personal name Poon, Joanna
700 ## - ADDED ENTRY--PERSONAL NAME
Personal name Smallwood, J. J.
700 ## - ADDED ENTRY--PERSONAL NAME
Personal name Egbu, Charles O.
700 ## - ADDED ENTRY--PERSONAL NAME
Personal name Oloke, D. A.
700 ## - ADDED ENTRY--PERSONAL NAME
Personal name Craig, Nigel
700 ## - ADDED ENTRY--PERSONAL NAME
Personal name Potts, Keith
700 ## - ADDED ENTRY--PERSONAL NAME
Personal name Bass, Colleen
700 ## - ADDED ENTRY--PERSONAL NAME
Personal name Ribeiro, Francisco Loforte
700 ## - ADDED ENTRY--PERSONAL NAME
Personal name Oliveira, R.
700 ## - ADDED ENTRY--PERSONAL NAME
Personal name Chinyio, Ezekiel
Titles and other words associated with a name Dr
700 ## - ADDED ENTRY--PERSONAL NAME
Personal name Adnan, Hamimah
700 ## - ADDED ENTRY--PERSONAL NAME
Personal name Zainul-Abidin, N.
700 ## - ADDED ENTRY--PERSONAL NAME
Personal name Kishk, Mohammed
700 ## - ADDED ENTRY--PERSONAL NAME
Personal name Zhou, Lei
700 ## - ADDED ENTRY--PERSONAL NAME
Personal name Sommerville, James
700 ## - ADDED ENTRY--PERSONAL NAME
Personal name McCarney, Michael
700 ## - ADDED ENTRY--PERSONAL NAME
Personal name Alves, N. M. F.
710 ## - ADDED ENTRY--CORPORATE NAME
Corporate name or jurisdiction name as entry element Royal Institution of Chartered Surveyors
Subordinate unit Foundation
9 (RLIN) 4173
710 ## - ADDED ENTRY--CORPORATE NAME
Corporate name or jurisdiction name as entry element University of Wolverhampton, School of Engineering and the Built Environment
9 (RLIN) 4726
942 ## - ADDED ENTRY ELEMENTS (KOHA)
Suppress in OPAC 0
Holdings
Withdrawn status Lost status Source of classification or shelving scheme Damaged status Not for loan Home library Current library Shelving location Date acquired Total Checkouts Full call number Barcode Date last seen Copy number Price effective from Koha item type
    Dewey Decimal Classification     Virtual Virtual Online 06/11/2015   ONLINE PUBLICATION 158969-2001 06/08/2019 1 06/08/2019 Book